| 000 -LEADER |
| fixed length control field |
00385nam a2200169Ia 4500 |
| 003 - CONTROL NUMBER IDENTIFIER |
| control field |
OSt |
| 005 - DATE AND TIME OF LATEST TRANSACTION |
| control field |
20241018123623.0 |
| 008 - FIXED-LENGTH DATA ELEMENTS--GENERAL INFORMATION |
| fixed length control field |
200302s9999 xx 000 0 und d |
| 082 ## - DEWEY DECIMAL CLASSIFICATION NUMBER |
| Classification number |
581 |
| 100 ## - MAIN ENTRY--PERSONAL NAME |
| Personal name |
Ramamrutham S. |
| 245 ## - TITLE STATEMENT |
| Title |
Theory of structures |
| 260 ## - PUBLICATION, DISTRIBUTION, ETC. (IMPRINT) |
| Name of publisher, distributor, etc |
Dhanpat Rai Publishing Co. Pvt. Ltd. |
| 260 ## - PUBLICATION, DISTRIBUTION, ETC. (IMPRINT) |
| Date of publication, distribution, etc |
2002 |
| 300 ## - PHYSICAL DESCRIPTION |
| Extent |
1380 P., |
| 700 ## - ADDED ENTRY--PERSONAL NAME |
| Personal name |
Narayan, R |
| 942 ## - ADDED ENTRY ELEMENTS (KOHA) |
| Source of classification or shelving scheme |
|